| 000 | 00730nam a22002177a 4500 | ||
|---|---|---|---|
| 005 | 20180419113552.0 | ||
| 010 | _aENG-122522 | ||
| 020 |
_a9788125064435 _c1750.00 |
||
| 035 | _aEN-106054 | ||
| 037 | _bDBAD/PUB. | ||
| 082 | _a409.54 | ||
| 245 |
_aPeople's Linguistic Sudrvey of India / _ced. by G.N.Devy [and] K. Nipuni Mao |
||
| 260 |
_aHyderabad _bOrient Blackswan Private Limited _c2016 |
||
| 270 |
_a3-6-752 Himayatnagar, _bHyderabad _e500029 |
||
| 300 |
_avol.xviii (438p.) _bill. _c24cm.(Hb) |
||
| 500 | _aIncludes index | ||
| 505 | _avol. eighteen, part two - The languages of manipur ed. by K. Nipuni Mao. | ||
| 700 | _dDevy, G.N. | ||
| 700 | _dMao, K. Nipuni | ||
| 942 |
_2ddc _cEN _mTHE _h409.54 |
||
| 999 |
_c150898 _d150898 |
||